| 000 | 01197naa a2200241 4500 | ||
|---|---|---|---|
| 005 | 20110810145620.0 | ||
| 010 | _aENG-103349 B-464235 | ||
| 020 |
_c199.00 _a9788184001471 |
||
| 035 | _aEN-86882 B-464235 | ||
| 037 | _bDBAD/PUB | ||
| 082 | _a613.7 | ||
| 100 |
_aTiwari, Payal Gidwani _952291 |
||
| 245 | 1 |
_aFrom XL to XS : _cby Payal Gidwani Tiwari _ba fitness guru's guide to changing your body / |
|
| 260 |
_aNoida _bRandom House Publishers _c2010 |
||
| 270 |
_aMindmill Corprate Towar, 2nd Floor, Plot no 24, A Sector 16,A _bNoida U. P _e201301 |
||
| 300 |
_axiv,319p. : _c22cm (pbk) _bcol.photos |
||
| 700 | _932860 | ||
| 942 |
_adpl _cEN _2ddc _mTIW _h613.7 |
||
| 999 |
_c55453 _d55453 |
||